[Event "JUG-ch"]
[Site "Zagreb"]
[Date "1977.??.??"]
[Round "7"]
[White "Kovacevic, Vlatko"]
[Black "Ljubojevic, Ljubomir"]
[Result "0-1"]
[WhiteElo "2495"]
[BlackElo "2615"]

1.Nf3 c5 2.c4 Nf6 3.g3 d5 4.Bg2 Nc6 5.O-O d4 6.a3 a5 7.e3 e5 8.exd4 exd4
9.Re1+ Be7 10.d3 O-O 11.Ne5 Nxe5 12.Rxe5 Bd6 13.Re1 Bg4 14.f3 Bf5 15.Bf1 Qc7
16.Nd2 Bxg3 17.hxg3 Qxg3+ 18.Bg2 Bxd3 19.Nf1 Qg6 20.Re5 h6 21.Bf4 Rfe8 22.Qa4 Rxe5
23.Bxe5 Re8 24.Re1 b6 25.Qd1 Bxc4 26.Bxf6 Rxe1 27.Qxe1 Qxf6 28.Qe8+ Kh7 29.Qe4+ Qg6
30.Nd2 Bd3 31.Qxg6+ Kxg6 32.Bf1 Bxf1 33.Kxf1 a4 34.Nc4 b5 35.Nd6 b4 36.Nc4 Kf5
37.Nb6 bxa3 38.bxa3 Ke6 39.Ke2 h5 40.Nxa4 c4 41.Nb2 Kd5 42.a4 Kc5 43.f4 h4
44.f5 h3 45.Kf2 c3 46.Nd3+ Kc4 47.Ne5+ Kb3 48.a5 c2 49.Nd3 Kc3 50.Nc1 d3
51.a6 h2 52.Kg2 h1=Q+ 53.Kxh1 d2  0-1

[Event "JUG-ch"]
[Site "Zagreb"]
[Date "1977.??.??"]
[Round "8"]
[White "Ljubojevic, Ljubomir"]
[Black "Marangunic, Srdjan"]
[Result "0-1"]
[WhiteElo "2615"]
[BlackElo "2470"]

1.e4 d6 2.d4 Nf6 3.Nc3 g6 4.f4 Bg7 5.Nf3 c5 6.dxc5 Qa5 7.Bd3 Qxc5 8.Qe2 O-O
9.Be3 Qc7 10.O-O Bg4 11.Nb5 Qa5 12.b4 Qd8 13.c4 Nc6 14.Rab1 a5 15.a3 axb4
16.axb4 Ra4 17.Qd2 Bxf3 18.gxf3 Nh5 19.Rfd1 Bh6 20.Bc2 Ra8 21.Kh1 Qc8 22.f5 Bxe3
23.Qxe3 Ne5 24.Bb3 Kh8 25.Rbc1 gxf5 26.Qg5 Ng7 27.c5 Nxf3 28.Qf4 fxe4 29.cxd6 Qd7
30.dxe7 Qxe7 31.Nd6 f5 32.Rc2 Qf6 33.Rc7 Ne6 34.Bxe6 Qxe6 35.Qe3 Qf6 36.Qc5 Ra2
37.Nf7+ Rxf7  0-1

[Event "JUG-ch"]
[Site "Zagreb"]
[Date "1977.??.??"]
[Round "9"]
[White "Marovic, Drazen"]
[Black "Ljubojevic, Ljubomir"]
[Result "0-1"]
[WhiteElo "2475"]
[BlackElo "2615"]

1.Nf3 c5 2.c4 Nf6 3.Nc3 Nc6 4.e3 e6 5.d4 d5 6.a3 dxc4 7.Bxc4 a6 8.dxc5 Qxd1+
9.Kxd1 Bxc5 10.Ke2 O-O 11.b4 Be7 12.Bb2 b5 13.Bd3 Bb7 14.Rhd1 Rfd8 15.Bc2 Rdc8
16.Bd3 h6 17.Rac1 Rd8 18.Rc2 Rac8 19.Rcd2 Rc7 20.Ne4 Nd4+ 21.Nxd4 Nxe4 22.Rc2 Rxc2+
23.Nxc2 Rc8 24.f3 Nc3+ 25.Bxc3 Rxc3 26.Kd2 Rb3 27.Ra1 Bf6 28.Nd4 Rb2+ 29.Bc2 e5
30.Nf5 e4 31.Nd4 exf3 32.gxf3 Bxf3 33.Kc3 Rxc2+ 34.Kxc2 Be4+ 35.Kd2 Be5 36.a4 Bxh2
37.axb5 axb5 38.Nxb5 h5 39.Nc3 Bg2 40.Ra5 h4 41.b5 Bc7 42.Ra6 h3 43.b6 Be5  0-1

[Event "JUG-ch"]
[Site "Zagreb"]
[Date "1977.??.??"]
[Round "11"]
[White "Knezevic, Milorad"]
[Black "Ljubojevic, Ljubomir"]
[Result "1/2-1/2"]
[WhiteElo "2500"]
[BlackElo "2615"]

1.Nf3 c5 2.c3 Nf6 3.d4 b6 4.dxc5 bxc5 5.e4 Bb7 6.e5 Nd5 7.Bd3 Qc7 8.Na3 e6
9.O-O a6 10.Nc4 Nc6 11.Be4 Nb6 12.Nxb6 Qxb6 13.Re1 Na5 14.Bxb7 Nxb7 15.Qe2  1/2-1/2

[Event "JUG-ch"]
[Site "Zagreb"]
[Date "1977.??.??"]
[Round "12"]
[White "Ljubojevic, Ljubomir"]
[Black "Rogulj, Branko"]
[Result "1/2-1/2"]
[WhiteElo "2615"]
[BlackElo "2410"]

1.e4 Nf6 2.e5 Nd5 3.d4 d6 4.c4 Nb6 5.f4 dxe5 6.fxe5 Nc6 7.Be3 Bf5 8.Nc3 e6
9.Nf3 Be7 10.d5 exd5 11.cxd5 Nb4 12.Nd4 Bd7 13.Qb3 c5 14.dxc6 bxc6 15.O-O-O N6d5
16.Bc4 O-O 17.Nxc6 Bxc6 18.Nxd5 Bxd5 19.Bxd5 Qc7+ 20.Qc4 Qa5 21.Kb1 Rac8
22.Qb3 Rcd8 23.Bc4 Qxe5 24.Rxd8 Rxd8 25.Rc1 Qf5+ 26.Ka1 a5 27.a3 Nd5 28.Rf1 Qe5
29.Bd2 a4 30.Qxa4 Rb8 31.Bb3 Bf6 32.Bc1 Rc8 33.Ka2 Nc3+ 34.bxc3 Qe2+ 35.Bb2 Qxf1
36.Bxf7+ Kh8 37.Be6 Rb8 38.Qc6 Qd1 39.Qc7 Rxb2+ 40.Kxb2 Qe2+ 41.Kb3 Qxe6+
42.c4 Kg8 43.h3 Be7 44.Qa7 Kf7 45.Qf2+ Ke8 46.Qd4 Qg6 47.g4 Qb1+ 48.Ka4 g5
49.c5 Qb7 50.Qh8+ Kd7 51.Qd4+ Kc8 52.Qe5 Qa7+ 53.Kb5 Qb7+ 54.Kc4 Qa6+ 55.Kb4 Qb7+
56.Kc4 Qa6+ 57.Kb4 Bd8 58.Qf5+ Kb8 59.a4 h6 60.Qf8 Kc8 61.Qf5+ Kb7 62.Qd5+ Kc7
63.Qf7+ Kb8 64.Qf8 Qa5+ 65.Kb3 Ka7 66.Qd6 Bc7 67.Qe7 Kb7 68.Qe4+ Kb8 69.Qe8+ Ka7
70.Qe7 Kb7 71.Qe4+ Kc8 72.Qe6+ Kb8 73.Qe8+ Bd8 74.Qf8  1/2-1/2

[Event "Buenos Aires ol (Men)"]
[Site "Buenos Aires"]
[Date "1978.??.??"]
[Round "?"]
[White "Ljubojevic, Ljubomir"]
[Black "Hug, Werner"]
[Result "1-0"]
[WhiteElo "2605"]
[BlackElo "2460"]

1.d4 c5 2.dxc5 e6 3.Nc3 Bxc5 4.Ne4 Nf6 5.Nxc5 Qa5+ 6.Qd2 Qxc5 7.Qg5 Ne4 8.Qxc5 Nxc5
9.c4 Nc6 10.Be3 d6 11.f3 Ke7 12.Bf2 Bd7 13.e4 a6 14.O-O-O b5 15.cxb5 axb5
16.Kb1 Rhb8 17.Ne2 Rb7 18.Nc1 Ne5 19.Be2 Rc8 20.b3 f6 21.Rd2 Be8 22.Rhd1 Rc6
23.Bf1 Nf7 24.Ne2 b4 25.Nd4 Rcc7 26.Be1 Ne5 27.Nc2 Rb6 28.Rd4 Bg6 29.Kb2 f5
30.exf5 Bxf5 31.Nxb4 Ncd7 32.a4 Nc5 33.a5 Rb8 34.Rxd6 Rcb7 35.a6 Rxb4 36.Bxb4 Rxb4
37.a7 Rxb3+ 38.Ka2 Rb4 39.Ra6  1-0

[Event "Buenos Aires ol (Men)"]
[Site "Buenos Aires"]
[Date "1978.??.??"]
[Round "?"]
[White "Ljubojevic, Ljubomir"]
[Black "Huebner, Robert"]
[Result "1/2-1/2"]
[WhiteElo "2605"]
[BlackElo "2595"]

1.e4 e6 2.d3 c5 3.Nf3 Nc6 4.g3 g6 5.Bg2 Bg7 6.O-O Nge7 7.Re1 O-O 8.c3 d6
9.d4 cxd4 10.cxd4 Qb6 11.d5 Bxb2 12.Bxb2 Qxb2 13.dxc6 Qxa1 14.Qb3 Nxc6 15.Nc3 Nd4
16.Rxa1 Nxb3 17.axb3 Bd7 18.e5 d5 19.Nd4 Rfc8 20.Ncb5 Bxb5 21.Nxb5 a6 22.Nd6 Rc3
23.Nxb7 Rxb3 24.Nc5 Rb6 25.Ra5 Rb5 26.Rxa6 Rxa6 27.Nxa6 d4 28.Bf1 Rxe5 29.Nb4 Rc5
30.f4 f6  1/2-1/2

[Event "Buenos Aires ol (Men)"]
[Site "Buenos Aires"]
[Date "1978.??.??"]
[Round "?"]
[White "Ljubojevic, Ljubomir"]
[Black "Hernandez, Roman"]
[Result "1/2-1/2"]
[WhiteElo "2605"]
[BlackElo "2465"]

1.e4 e5 2.Nf3 Nc6 3.Bb5 a6 4.Ba4 Nf6 5.O-O Be7 6.Re1 b5 7.Bb3 d6 8.c3 O-O
9.h3 Na5 10.Bc2 c5 11.d4 Qc7 12.Nbd2 Nc6 13.a3 Bd7 14.b4 cxd4 15.cxd4 Rfc8
16.Bb3 a5 17.d5 Nd8 18.Bb2 a4 19.Rc1 Qb7 20.Bc2 Ne8 21.Nf1 g6 22.Ng3 Ng7
23.Qe2 f6 24.Bd3 Nf7 25.Rxc8+ Rxc8 26.Rc1 Rxc1+ 27.Bxc1 Bd8 28.Qc2 Bb6 29.Nh2 Ne8
30.Nhf1 Qc7 31.Qd1 Qc3 32.Ne2 Qc8 33.Be3 Bxe3 34.Nxe3 Ng7 35.Qd2 Ng5 36.h4 Nf7
37.Nc3 Qb8 38.Qb2 Qc7 39.g3 Qb6 40.Kg2 Nh6 41.Qd2  1/2-1/2

[Event "Buenos Aires ol (Men)"]
[Site "Buenos Aires"]
[Date "1978.??.??"]
[Round "?"]
[White "Giffard, Nicolas"]
[Black "Ljubojevic, Ljubomir"]
[Result "1/2-1/2"]
[WhiteElo "2365"]
[BlackElo "2605"]

1.d4 Nf6 2.c4 c5 3.d5 g6 4.Nc3 d6 5.e4 Bg7 6.Bd3 O-O 7.Nge2 e5 8.f3 Nh5 9.Be3 f5
10.exf5 gxf5 11.O-O Kh8 12.Qc2 Na6 13.a3 Qh4 14.Qd2 Bf6 15.Bf2 Qg5 16.Qxg5 Bxg5
17.g3 Bd7 18.Bc2 Nf6 19.Rfd1 Bh6 20.Nb5 Ne8 21.Rab1 Bxb5 22.cxb5 Nb8 23.b4 Nd7  1/2-1/2

[Event "Buenos Aires ol (Men)"]
[Site "Buenos Aires"]
[Date "1978.??.??"]
[Round "?"]
[White "Byrne, Robert E"]
[Black "Ljubojevic, Ljubomir"]
[Result "1/2-1/2"]
[WhiteElo "2550"]
[BlackElo "2605"]

1.e4 Nf6 2.e5 Nd5 3.d4 d6 4.Nf3 g6 5.Bc4 Nb6 6.Bb3 d5 7.O-O Nc6 8.c3 Bg7
9.Re1 O-O 10.Nbd2 Kh8 11.Nf1 f6 12.exf6 exf6 13.Ng3 Qd6 14.Bc2 f5 15.b3 f4
16.Nf1 Bg4 17.h3 Bh5 18.Qd3 Rae8 19.Bb2 Nc8  1/2-1/2

[Event "Buenos Aires ol (Men)"]
[Site "Buenos Aires"]
[Date "1978.??.??"]
[Round "?"]
[White "Wibe, Terje"]
[Black "Ljubojevic, Ljubomir"]
[Result "0-1"]
[WhiteElo "2420"]
[BlackElo "2605"]

1.e4 c5 2.Nf3 d6 3.d4 Nf6 4.Nc3 cxd4 5.Nxd4 a6 6.Bg5 e6 7.f4 Be7 8.Qf3 h6
9.Bh4 Qc7 10.O-O-O Nbd7 11.Bd3 g5 12.fxg5 Ne5 13.Qe2 Nfg4 14.Nf3 Nxf3 15.gxf3 hxg5
16.Bg3 Ne5 17.h4 gxh4 18.f4 Nxd3+ 19.Rxd3 Bd7 20.f5 O-O-O 21.Bh2 Bc6 22.fxe6 fxe6
23.Qg4 Qd7 24.Rhd1 Rhg8 25.Qf3 Rdf8 26.Qh1 Rf2 27.Rf3 Rfg2 28.Kb1 Qe8 29.Rfd3 e5
30.Bg1 Qg6 31.Bb6 Bxe4 32.Nxe4 Qxe4 33.Qh3+ Kb8 34.Rc3 Qg4 35.Qd3 Rg3 36.Bc7+ Ka8
37.Qd5 Qxd1+  0-1

[Event "Buenos Aires ol (Men)"]
[Site "Buenos Aires"]
[Date "1978.??.??"]
[Round "?"]
[White "Shaw, Terrey Ian"]
[Black "Ljubojevic, Ljubomir"]
[Result "1/2-1/2"]
[WhiteElo "2385"]
[BlackElo "2605"]

1.e4 Nf6 2.Nc3 d5 3.e5 d4 4.exf6 dxc3 5.fxg7 cxd2+ 6.Qxd2 Qxd2+ 7.Bxd2 Bxg7
8.O-O-O Bf5 9.Ne2 Nc6 10.Bc3 Rg8 11.Bxg7 Rxg7 12.Ng3 Bd7 13.Bb5 a6 14.Ba4 Rg4
15.Bb3 Nd4 16.Bd5 c6 17.Be4 Ne2+ 18.Nxe2 Rxe4 19.Nc3 Rg4 20.g3 Rc4 21.Rhe1 Bf5
22.Re3 Rd8 23.Rxd8+ Kxd8 24.b3 Rc5 25.f4 b5 26.Ne4 Rd5 27.b4 Rd4 28.Ng5 f6
29.c3 Rc4 30.Nf3 Re4 31.Kd2 c5 32.Nh4 Rxe3 33.Kxe3 Bb1 34.a3 cxb4 35.cxb4 Kd7
36.Nf3 Kd6 37.Kd4 Bf5 38.Nd2 e5+ 39.fxe5+ fxe5+ 40.Ke3 Kd5 41.Kf2  1/2-1/2

[Event "Tilburg"]
[Site "Tilburg"]
[Date "1978.??.??"]
[Round "1"]
[White "Ljubojevic, Ljubomir"]
[Black "Sosonko, Gennadi"]
[Result "1/2-1/2"]
[WhiteElo "2605"]
[BlackElo "2575"]

1.c4 Nf6 2.Nc3 c5 3.Nf3 Nc6 4.g3 d5 5.cxd5 Nxd5 6.Bg2 g6 7.Qa4 Bg7 8.Qb5 Nb4
9.O-O Qa5 10.Ne1 Bd7 11.a3 Qxb5 12.Nxb5 Na6 13.Rb1 O-O  1/2-1/2

[Event "Titovo Uzice"]
[Site "Titovo Uzice"]
[Date "1978.??.??"]
[Round "?"]
[White "Ljubojevic, Ljubomir"]
[Black "Ermenkov, Evgenij"]
[Result "1-0"]
[WhiteElo "2605"]
[BlackElo "2520"]

1.d4 Nf6 2.c4 d6 3.Nc3 Nbd7 4.e4 e5 5.d5 Nc5 6.f3 a5 7.Be3 Be7 8.Nge2 c6
9.dxc6 bxc6 10.Bxc5 dxc5 11.Qxd8+ Kxd8 12.Na4 Kc7 13.Nc1 Be6 14.Nd3 Nd7 15.b3 Rhd8
16.h4 f6 17.O-O-O Bf7 18.g3 Nb6 19.Ndxc5 Rxd1+ 20.Kxd1 Nxa4 21.Nxa4 Bb4 22.Bd3 c5
23.Kc2 Be8 24.Nc3 a4 25.Nd5+ Kd6 26.Kb2 axb3 27.axb3 Bf7 28.Nc3 Be8 29.Rd1 Bc6
30.Bc2+ Kc7 31.Bd3 Ba3+ 32.Kc2 Bb4 33.h5 h6 34.Rh1 Kd6 35.Be2 Bxc3 36.Kxc3 Ra2
37.Re1 Be8 38.g4 Bc6 39.Bd1 Kc7 40.Bc2 Kb6 41.Rd1 Kc7 42.Rf1 Kd6 43.Rf2 Ra3
44.Bd1 Bb7 45.Kb2 Ra8 46.Rd2+ Kc7 47.Be2 Bc6 48.Kc3 Rd8 49.Rb2 Rb8 50.Bd1 Rd8
51.Bc2 Rb8 52.Rb1 Kc8 53.Ra1 Ra8 54.Rf1 Rb8 55.f4 exf4 56.Rxf4 Bd7 57.e5 fxe5
58.Rf8+ Kc7 59.Rf7 Kd6 60.Rxg7 Rf8 61.Be4 Rf4 62.Kd3 Bxg4 63.Rg6+ Ke7 64.Rxh6 Bd1
65.Bd5 Rh4 66.Re6+ Kd8 67.h6 Bxb3 68.Ra6 Ke7 69.h7 Kf8 70.Ra7 e4+ 71.Kc3 Rh3+
72.Kb2 e3 73.h8=Q+ Rxh8 74.Kxb3 e2 75.Ra1 Kg7 76.Re1 Rh2 77.Kc3  1-0

[Event "Belgrade m"]
[Site "Belgrade"]
[Date "1979.??.??"]
[Round "1"]
[White "Ljubojevic, Ljubomir"]
[Black "Gligoric, Svetozar"]
[Result "1-0"]
[WhiteElo "2590"]
[BlackElo "2560"]

1.e4 e5 2.Nf3 Nc6 3.Bb5 a6 4.Bxc6 dxc6 5.O-O f6 6.d4 exd4 7.Nxd4 c5 8.Ne2 Be6
9.Nbc3 Bd6 10.Bf4 Ne7 11.Qd3 Bxf4 12.Nxf4 Qxd3 13.Nxd3 Bc4 14.Rfd1 b6 15.Nf4 Bf7
16.Rd2 Nc6 17.Rad1 Rc8 18.f3 O-O 19.Kf2 Rfe8 20.Nfd5 Kf8 21.g4 Red8 22.Ne3 Rxd2+
23.Rxd2 Ne7 24.h4 h6 25.Kg3 b5 26.g5 hxg5 27.hxg5 fxg5 28.Kg4 Nc6 29.Kxg5 Nd4
30.Rf2 Re8 31.Kf4 Re6 32.Ng4 Bh5 33.Nd5 c6 34.Nde3 b4 35.c3 bxc3 36.bxc3 Nb5
37.c4 Nd4 38.Rb2 Be8 39.Nf5 Nxf5 40.Kxf5 Bd7 41.Ne5 Bc8 42.f4 Ke7 43.Rb8 Rf6+
44.Kg5 Kd8 45.f5 Kc7 46.Rb2  1-0

[Event "Belgrade m"]
[Site "Belgrade"]
[Date "1979.??.??"]
[Round "2"]
[White "Gligoric, Svetozar"]
[Black "Ljubojevic, Ljubomir"]
[Result "0-1"]
[WhiteElo "2560"]
[BlackElo "2590"]

1.d4 Nf6 2.c4 e6 3.Nc3 Bb4 4.e3 O-O 5.Bd3 d5 6.Nf3 c5 7.O-O dxc4 8.Bxc4 Nbd7
9.Bd3 b6 10.a3 Bxc3 11.bxc3 Bb7 12.Re1 Be4 13.Bxe4 Nxe4 14.Qd3 Ndf6 15.c4 Qc7
16.Bb2 Rfd8 17.Rac1 Rac8 18.Red1 Qb7 19.Ne5 Ne8 20.d5 exd5 21.cxd5 N8f6 22.f3 Rxd5
23.Qc2 Nd6 24.e4 Rxd1+ 25.Rxd1 Nfe8 26.Ng4 f6 27.e5 fxe5 28.Bxe5 Qe7 29.f4 Qe6
30.h3 Nf5 31.Qc3 Ned6 32.Nf2 Nf7 33.Re1 Re8 34.Qf3 Nd4 35.Qd1 Nxe5 36.fxe5 Qf5
37.Nd3 c4 38.Nb2 Rxe5 39.Nxc4 Rxe1+ 40.Qxe1 Qe6 41.Qxe6+ Nxe6 42.Kf2 Kf8
43.Ke3 Ke7 44.Ke4 b5 45.Ne3 Kd6 46.Nf5+ Kc5 47.Ke5 g6 48.Nd6 Nd4 49.Ne4+ Kc4
50.Nd6+ Kd3 51.Kd5 a6 52.Ne4 Nc2 53.Nc5+ Ke3 54.Nxa6 Kf2 55.Nc7 Nxa3 56.Kc5 Kg3
57.Ne6 h6 58.Nd8 Kxg2  0-1

[Event "Belgrade m"]
[Site "Belgrade"]
[Date "1979.??.??"]
[Round "8"]
[White "Gligoric, Svetozar"]
[Black "Ljubojevic, Ljubomir"]
[Result "1-0"]
[WhiteElo "2560"]
[BlackElo "2590"]

1.d4 Nf6 2.c4 e6 3.Nc3 Bb4 4.e3 O-O 5.Bd3 d5 6.a3 Bxc3+ 7.bxc3 dxc4 8.Bxc4 c5
9.Nf3 Qc7 10.Qd3 Nc6 11.e4 cxd4 12.cxd4 Na5 13.Ba2 Nxe4 14.O-O Nf6 15.Bg5 Nd5
16.Rac1 Nc6 17.Bb1 f5 18.Rfe1 Bd7 19.Ba2 Qd6 20.Ne5 h6 21.Bxh6 Nxe5 22.dxe5 Qe7
23.Bxd5 exd5 24.Qxd5+ Qe6 25.Qxe6+ Bxe6 26.Bg5 Rfc8 27.f3 Rxc1 28.Rxc1 Rc8
29.Rxc8+ Bxc8 30.Kf2 Kf7 31.Kg3 Ke6 32.Kf4 Bd7 33.Bd8 Bc8 34.Bc7 Bd7 35.Bb8 a6
36.Bc7 g6 37.Kg5 Kf7 38.Bb6 Bc8 39.a4 Bd7 40.a5 Bc8 41.Bd8 Be6 42.Bc7 Bd7
43.h4 Bc8 44.Bb6 Bd7 45.Be3 Bc8 46.Bf2 Bd7 47.f4 Bc8 48.h5 gxh5 49.Kxh5 Bd7
50.Kg5 Ke6 51.g4 fxg4 52.Bg3 Kf7 53.f5 Bc8 54.Kf4  1-0

[Event "Belgrade m"]
[Site "Belgrade"]
[Date "1979.??.??"]
[Round "10"]
[White "Gligoric, Svetozar"]
[Black "Ljubojevic, Ljubomir"]
[Result "1/2-1/2"]
[WhiteElo "2560"]
[BlackElo "2590"]

1.d4 Nf6 2.c4 e6 3.Nc3 Bb4 4.e3 O-O 5.Bd3 d5 6.Nf3 c5 7.O-O b6 8.cxd5 exd5
9.Ne5 Bb7 10.Bd2 Nc6 11.a3 Bxc3 12.Bxc3 Re8 13.Nxc6 Bxc6 14.dxc5 bxc5 15.b4 d4
16.exd4 cxd4 17.Bb2 Qd5 18.f3 Ng4 19.Qd2 Ne3 20.Rfc1 Rad8 21.Rc5 Qd6 22.Rac1 Bb7
23.Rc7 Re7 24.Rxe7 Qxe7 25.Re1 Qd7 26.Bb1 Bc6 27.Rc1 g6 28.Qxd4 Qxd4 29.Bxd4 Rxd4
30.Rxc6 Rd2 31.g3 Rg2+ 32.Kh1 Rf2 33.Rc1 Rxf3 34.Be4 Rf2 35.a4 Rb2 36.b5 Ra2
37.Bc6 Kg7 38.Kg1 Ng4 39.Re1 Kf6 40.Rf1+ Ke6 41.Rxf7 Rxa4 42.Rxh7 Ra1+ 43.Kg2 Ra2+
44.Kf3 Nxh2+ 45.Ke4 Ra4+ 46.Kd3 Ng4  1/2-1/2

[Event "Sao Paulo"]
[Site "Sao Paulo"]
[Date "1979.??.??"]
[Round "?"]
[White "Filguth, Rubens A"]
[Black "Ljubojevic, Ljubomir"]
[Result "0-1"]
[WhiteElo "2335"]
[BlackElo "2590"]

1.c4 Nf6 2.Nc3 c5 3.e4 e6 4.e5 Ng8 5.d4 cxd4 6.Qxd4 Nc6 7.Qe4 b6 8.Nf3 Bb7
9.h4 Rc8 10.Nb5 a6 11.Bg5 f6 12.Nd6+ Bxd6 13.exd6 Na5 14.Qg4 Bxf3 15.gxf3 fxg5
16.hxg5 Rc5 17.Rg1 b5 18.b3 bxc4 19.bxc4 Qb6 20.Bd3 Qxd6 21.Rd1 Qe5+ 22.Kf1 Ne7
23.f4 Qc7 24.Re1 g6  0-1

[Event "Sao Paulo"]
[Site "Sao Paulo"]
[Date "1979.??.??"]
[Round "?"]
[White "Ljubojevic, Ljubomir"]
[Black "Sunye Neto, Jaime"]
[Result "1-0"]
[WhiteElo "2590"]
[BlackElo "2375"]

1.e4 c5 2.Nf3 d6 3.d4 cxd4 4.Nxd4 Nf6 5.Nc3 a6 6.Bg5 e6 7.f4 Qb6 8.Nb3 Be7
9.Qf3 Qc7 10.O-O-O Nbd7 11.Be2 b5 12.Bxf6 Nxf6 13.e5 Bb7 14.Qg3 dxe5 15.fxe5 Nd7
16.Bf3 Bxf3 17.gxf3 Rc8 18.Qxg7 Qxe5 19.Qg1 Nc5 20.Nxc5 Bxc5 21.Qg3 Bd4 22.Rxd4 Qxd4
23.Rd1 Qe3+ 24.Kb1 Rd8 25.Rxd8+ Kxd8 26.Qd6+ Ke8 27.a3 Rf8 28.Ne4 f5 29.Qxe6+ Kd8
30.Qd6+ Ke8 31.Qe5+ Kd8 32.Qb8+ Ke7 33.Qc7+ Ke6 34.Nc5+ Kf6 35.Nd7+ Kf7 36.Nxf8+ Kxf8
37.Qc8+ Kg7 38.Qxf5 Qg1+ 39.Ka2 Qxh2 40.Qd7+ Kf6 41.Qc6+ Kg5 42.Qxa6 Qe5
43.c4 bxc4 44.Qxc4 h5 45.a4 Kf6 46.f4 Qd6 47.a5 h4 48.a6 Qb6 49.b4 h3 50.Qc3+ Kg6
51.Qg3+ Kf6 52.Qh4+ Kg7 53.Qe7+ Kh6 54.Qg5+ Kh7 55.Qh5+ Kg7 56.Qxh3 Qxb4
57.Qg2+ Kh6 58.Qh1+  1-0

[Event "Sao Paulo"]
[Site "Sao Paulo"]
[Date "1979.??.??"]
[Round "?"]
[White "Stean, Michael"]
[Black "Ljubojevic, Ljubomir"]
[Result "1/2-1/2"]
[WhiteElo "2540"]
[BlackElo "2590"]

1.Nf3 Nf6 2.g3 b5 3.Bg2 Bb7 4.O-O c5 5.d3 Nc6 6.e4 d6 7.Nc3 b4 8.Nd5 Nd7
9.c3 e6 10.Nf4 bxc3 11.bxc3 Nce5 12.d4 Nxf3+ 13.Bxf3 Be7 14.Rb1 Rb8 15.d5 e5
16.Ng2 Ba6 17.Rxb8 Qxb8 18.Be2 Bxe2 19.Qxe2 O-O 20.Ne3 g6 21.Qa6 f5 22.Qd3 fxe4
23.Qxe4 Nf6 24.Qa4  1/2-1/2

[Event "Sao Paulo"]
[Site "Sao Paulo"]
[Date "1979.??.??"]
[Round "?"]
[White "Panno, Oscar"]
[Black "Ljubojevic, Ljubomir"]
[Result "0-1"]
[WhiteElo "2545"]
[BlackElo "2590"]

1.d4 Nf6 2.c4 c5 3.d5 e6 4.Nc3 exd5 5.cxd5 d6 6.Nf3 g6 7.Nd2 Nbd7 8.e4 Bg7
9.Be2 O-O 10.O-O Re8 11.a4 a6 12.a5 b5 13.axb6 Nxb6 14.Ra3 c4 15.Re1 Qc7
16.Qc2 Bd7 17.Nf1 Bb5 18.Be3 Nfd7 19.Rea1 Nc5 20.Nd2 Rab8 21.Rc1 Rb7 22.g3 Qd7
23.Bf1 Nba4 24.Bxc5 Nxc5 25.Bxc4 Bxc4 26.Nxc4 Rb4 27.Na2 Rxc4 28.Qxc4 Bxb2
29.Re3 Bxc1 30.Nxc1 Qb5 31.Qc2 a5 32.Nb3 Rxe4 33.Rxe4 Nxe4 34.Nxa5 Qxd5 35.Nc6 Kg7
36.Qb2+ Nf6 37.Nd4 Qe5 38.Kg2 h5 39.Qc3 Nd5 40.Qd3 Nb4 41.Qc4 Qc5 42.Qxc5 dxc5
43.Nb5 Kf6 44.Kf3 Ke5 45.Ke3 Kd5 46.Nc3+ Kc4 47.Ne4 Nd5+ 48.Kd2 f6  0-1

[Event "Sao Paulo"]
[Site "Sao Paulo"]
[Date "1979.??.??"]
[Round "?"]
[White "Ljubojevic, Ljubomir"]
[Black "Rocha, Antonio"]
[Result "1-0"]
[WhiteElo "2590"]
[BlackElo "2365"]

1.e4 e5 2.Nf3 Nc6 3.d4 exd4 4.Nxd4 Bc5 5.Nb3 Bb4+ 6.c3 Be7 7.c4 Nf6 8.Nc3 O-O
9.Be2 d6 10.O-O Nd7 11.Be3 b6 12.f4 Nc5 13.Bf3 Bb7 14.Nd5 Rb8 15.Qc2 Nxb3
16.Qxb3 Na5 17.Qc2 c5 18.Rad1 Bxd5 19.cxd5 Bf6 20.b3 Re8 21.Kh1 Qd7 22.Qe2 Nb7
23.Bf2 Qc7 24.Qd3 Rbd8 25.Rfe1 Qb8 26.h4 Qc7 27.g4 g6 28.Kg2 Bg7 29.g5 Qe7
30.Bg3 Qc7 31.Bg4 Bd4 32.h5 Re7 33.hxg6 fxg6 34.Be6+ Kh8 35.Rh1 Rf8 36.f5 Nd8
37.Qc4 Nf7 38.f6 Rd7 39.Bxf7 Rfxf7 40.Rxd4 cxd4 41.Qxc7 Rxc7 42.Bxd6 Rc2+
43.Kf3 d3 44.Be7  1-0

[Event "Sao Paulo"]
[Site "Sao Paulo"]
[Date "1979.??.??"]
[Round "?"]
[White "Ljubojevic, Ljubomir"]
[Black "Kortschnoj, Viktor"]
[Result "1/2-1/2"]
[WhiteElo "2590"]
[BlackElo "2695"]

1.e4 e6 2.d3 d5 3.Nd2 c5 4.Ngf3 Nc6 5.g3 Nf6 6.Bg2 Be7 7.O-O O-O 8.Re1 b6
9.e5 Nd7 10.Nf1 Ba6 11.h4 Rc8 12.N1h2 b5 13.Bg5 b4 14.Qd2 c4 15.d4 c3 16.bxc3 bxc3
17.Qf4 Nb4 18.Rec1 Be2 19.a3 Nc6 20.Re1 Ba6 21.Qg4 Kh8 22.Qh5 Qe8 23.Bxe7 Nxe7
24.Ng5 h6 25.Bh3 Nc6 26.Ngf3 Na5 27.Qg4 Nc4 28.Bf1 Rc6 29.Bd3 Nd2 30.Bxa6 Rxa6
31.Nxd2 cxd2 32.Red1 Ra4 33.Qf4 f6 34.exf6 Nxf6 35.f3 Ne4 36.Qg4 h5 37.Qh3 Nc3
38.Rxd2 Rxd4 39.Qg2 Rc4 40.Re1 Qe7 41.Rd3 Qxa3 42.Rxe6 Qc5+ 43.Kh1 Ne4 44.fxe4 Rxc2
45.Rxd5 Rc1+ 46.Nf1 Rcxf1+ 47.Kh2 Qe3 48.Rxh5+ Kg8 49.Re8 Rxe8 50.Qxf1  1/2-1/2

[Event "Malta ol (Men)"]
[Site "La Valetta"]
[Date "1980.??.??"]
[Round "?"]
[White "Olafsson, Helgi"]
[Black "Ljubojevic, Ljubomir"]
[Result "0-1"]
[WhiteElo "2445"]
[BlackElo "2590"]

1.c4 c5 2.g3 Nf6 3.Bg2 d5 4.cxd5 Nxd5 5.Nf3 Nc6 6.d4 Bf5 7.dxc5 Ndb4 8.Qxd8+ Rxd8
9.Na3 e5 10.Be3 Nd5 11.Rc1 Nxe3 12.fxe3 Be7 13.Nd2 O-O 14.Bxc6 bxc6 15.Nac4 Bxc5
16.Nb3 Be4 17.O-O Bb6 18.Rc3 f6 19.a4 Bd5 20.a5 Bxc4 21.axb6 Bxe2 22.Re1 Bb5
23.b7 Rd6 24.Ra1 a6 25.Rc2 Kf7 26.Nc5 Rb8 27.Kf2 Ke7 28.Ke1 Rd5 29.b4 e4
30.Rd2 Bd3 31.Rb2 Kd6 32.Rc1 a5 33.Nxd3 exd3 34.bxa5 Rxa5 35.Rb6 Rc5 36.Rxc5 Kxc5
37.Rb2 Kd6 38.Kd2 Kc7 39.Kxd3 Rxb7 40.Ra2 Kd6 41.Ra8 Kc5 42.Re8 Rd7+ 43.Kc3 Ra7
44.Rg8 g6 45.Rh8 Kd5 46.h4 Ke4 47.h5 Kxe3 48.hxg6 hxg6 49.Rf8 Ra5 50.Rxf6 Rc5+
51.Kb2 Rg5 52.Kc2 c5 53.Rc6 Rxg3 54.Rxc5 Rg2+ 55.Kd1 Rg1+ 56.Kc2 g5 57.Re5+ Kf4
58.Re8 g4 59.Kd2 Kf3 60.Re3+ Kg2 61.Re2+ Kh3 62.Ke3 Rf1 63.Ra2 g3  0-1

[Event "Malta ol (Men)"]
[Site "La Valetta"]
[Date "1980.??.??"]
[Round "?"]
[White "Ljubojevic, Ljubomir"]
[Black "Ermenkov, Evgenij"]
[Result "1-0"]
[WhiteElo "2590"]
[BlackElo "2495"]

1.d4 Nf6 2.c4 c5 3.Nf3 e6 4.Nc3 cxd4 5.Nxd4 Bb4 6.g3 Ne4 7.Qd3 Qa5 8.Nb3 Qf5
9.Qe3 Nxc3 10.bxc3 Be7 11.Bg2 Na6 12.O-O O-O 13.Rd1 Qh5 14.Bf3 Qg6 15.Qd3 f5
16.Bf4 d6 17.Bxd6 Rd8 18.Bxe7 Rxd3 19.Rxd3 Kf7 20.Ba3 Ke8 21.Rad1 Qf6 22.Na5 Rb8
23.Bd6 Bd7 24.Nxb7 Ba4 25.R1d2 Rd8 26.Nxd8 Qxd8 27.Rb2 Qg5 28.Rb7 Qc1+ 29.Kg2  1-0

[Event "Malta ol (Men)"]
[Site "La Valetta"]
[Date "1980.??.??"]
[Round "?"]
[White "Ljubojevic, Ljubomir"]
[Black "Quinteros, Miguel A"]
[Result "1/2-1/2"]
[WhiteElo "2590"]
[BlackElo "2515"]

1.d4 Nf6 2.c4 g6 3.Nc3 Bg7 4.e4 d6 5.f3 c5 6.dxc5 dxc5 7.Qxd8+ Kxd8 8.Be3 Nfd7
9.O-O-O b6 10.Nh3 Bxc3 11.bxc3 Nc6 12.Bh6 Kc7 13.Ng5 Nde5 14.f4 f6 15.fxe5 fxg5
16.Bxg5 Bg4 17.Rd5 Raf8 18.Bh4 Be6 19.Bg3 h5 20.h4 g5 21.hxg5 h4 22.Bh2 Rhg8
23.Rd3 Rxg5 24.Rf3 Rfg8 25.Rf4 Rg4 26.Kd2 Na5 27.Rxg4 Rxg4 28.Ke3 Nxc4+ 29.Bxc4 Bxc4
30.Kf3 Be6 31.Bf4 Kc6 32.a4 a5 33.Be3 Rg3+ 34.Kf2 Rg4 35.Kf3 Rg3+ 36.Kf2 Bb3
37.Rxh4 Rg6 38.Rh7 Kd7 39.Rh6 Rxh6 40.Bxh6 Bxa4 41.Ke3 Bb3 42.Kd2 b5 43.Be3 Kc6
44.Bg5 Kd7 45.Be3 Kc6 46.Bg5 e6 47.Bd8 a4 48.Be7 a3 49.Kc1 a2 50.Kb2 b4 51.cxb4 c4
52.Bc5 c3+ 53.Ka1 Kb5 54.g4 Kc4 55.g5 Bc2 56.Kxa2 Bxe4 57.g6 Bxg6 58.Be7 Be4
59.Ka3 Bd5 60.Bf6 Bc6 61.Be7 Kd3 62.Ka2 Kc2 63.Bg5 Bb5 64.Bh6  1/2-1/2

[Event "EU-chT"]
[Site "Skara"]
[Date "1980.??.??"]
[Round "2"]
[White "Ljubojevic, Ljubomir"]
[Black "Hort, Vlastimil"]
[Result "1-0"]
[WhiteElo "2590"]
[BlackElo "2595"]

1.e4 e6 2.d4 d5 3.Nc3 Bb4 4.e5 c5 5.a3 Bxc3+ 6.bxc3 Ne7 7.Nf3 Nbc6 8.Be2 Qa5
9.Bd2 Bd7 10.O-O c4 11.Ne1 O-O-O 12.f4 f5 13.g3 Kb8 14.Ng2 Nc8 15.Ne3 Nb6
16.g4 g6 17.Qe1 Na4 18.Bf3 h5 19.gxf5 gxf5 20.Ng2 Rdg8 21.Kh1 Qd8 22.Rg1 Rg4
23.Qf2 Qe7 24.Bxg4 hxg4 25.Ne3 Qh7 26.Rg3 Ne7 27.h3 Ng6 28.Ng2 Qe7 29.Qe3 Rh6
30.Kg1 Qh7 31.Rf1 Nh4 32.Nxh4 Rxh4 33.Rf2 Be8 34.Rh2 Bg6 35.Qf2 a6 36.Qg2 Qe7
37.Bc1 Ka7 38.Kf2 Bh5 39.Ke1 gxh3 40.Rgxh3  1-0

[Event "Athens tt"]
[Site "Athens"]
[Date "1981.??.??"]
[Round "?"]
[White "Makropoulos, Georgios"]
[Black "Ljubojevic, Ljubomir"]
[Result "1/2-1/2"]
[WhiteElo "2485"]
[BlackElo "2605"]

1.e4 c5 2.c3 Qa5 3.Nf3 Nc6 4.d4 cxd4 5.b4 Qc7 6.b5 Ne5 7.Nxe5 Qxe5 8.Qxd4 Qc7
9.a4 e5 10.Qc4 Qxc4 11.Bxc4 Nf6 12.f3 d6 13.Be3 Be6 14.Nd2 d5 15.Ke2  1/2-1/2

[Event "Brasilia"]
[Site "Brasilia"]
[Date "1981.??.??"]
[Round "?"]
[White "Ljubojevic, Ljubomir"]
[Black "Lucena, Lincoln"]
[Result "1-0"]
[WhiteElo "2605"]
[BlackElo "2295"]

1.Nf3 Nf6 2.c4 e6 3.g3 d5 4.Bg2 Be7 5.O-O O-O 6.d4 c6 7.Qc2 Nbd7 8.Nbd2 b6
9.e4 dxe4 10.Nxe4 Nxe4 11.Qxe4 Bb7 12.Rd1 Nf6 13.Qe2 Qc7 14.Bf4 Bd6 15.Ne5 Nd7
16.c5 Bxe5 17.Bxe5 Nxe5 18.Qxe5 Qd7 19.a4 Rad8 20.Rac1 Rc8 21.b4 Rfd8 22.cxb6 axb6
23.a5 bxa5 24.bxa5 Ba6 25.Rc5 h6 26.h4 Qb7 27.Rdc1 Bb5 28.g4 Qd7 29.g5 hxg5
30.hxg5 Rb8 31.Ra1 Qxd4 32.Qxd4 Rxd4 33.a6 Rg4 34.a7 Ra8 35.Kh2 f5 36.Bf3 Rh4+
37.Kg3 Rb4 38.Rxb5 Rxa7 39.Rxa7 cxb5 40.g6 Kf8  1-0